Coq-de-roche orange rupicola rupicola (Registro nro. 17881)

Detalles MARC
000 -CABECERA
Campo de control 00815nam a22002057a 4500
005 - FECHA Y HORA DE LA ULTIMA TRANSACCION
Campo de control 20151216031646.0
008 - ELEMENTOS DE LONGITUD FIJA—INFORMACION GENERAL
Campo de control 151127t2015 gy |||| r|||| 00| 0 spa d
040 ## - FUENTE DE CATALOGACIÓN
Agencia catalogadora original CO-BoIAVH
Agencia transcriptora CO-BoIAVH
041 0# - IDIOMA
Código de idioma para texto/pista de sonido o título separado Francés
090 ## - CLASIFICACIÓN LOCAL
Colección FG-
Consecutivo 0015
245 1# - MENCION DE TITULO
Título Coq-de-roche orange rupicola rupicola
Parte restante del título guide de bonnes pratiques - préservation de l'espèce -
260 3# - PUBLICACION, DISTRIBUCION, ETC. (PIE DE IMPRENTA)
Lugar de publicación, distribución, etc. Guyana? :
Nombre del editor, distribuidor, etc. GEPOG,
Fecha de publicación, distribución, etc. ©2015.
300 ## - DESCRIPCION FISICA
Extensión 1 folleto (6 páginas plegadas) :
Otros detalles físicos ilustraciones y fotografías a color ;
Dimensiones 30 x 21 cm.
500 ## - NOTA GENERAL
Nota general Incluye glosario.
650 #4 - ASIENTO SECUNDARIO DE MATERIA - TERMINO TEMATICO
Término temático o nombre geográfico como elemento de entrada Gallito de las rocas
Subdivisión de forma Guía
Subdivisión general Buenas prácticas
9 (RLIN) 44352
650 #4 - ASIENTO SECUNDARIO DE MATERIA - TERMINO TEMATICO
Término temático o nombre geográfico como elemento de entrada Gallito de las rocas
Subdivisión general Preservación
9 (RLIN) 44353
650 #4 - ASIENTO SECUNDARIO DE MATERIA - TERMINO TEMATICO
Término temático o nombre geográfico como elemento de entrada Gallito de las rocas
Subdivisión general Conservación
9 (RLIN) 44354
710 2# - ASIENTO SECUNDARIO - NOMBRE CORPORATIVO
Nombre corporativo o de jurisdicción como elemento de entrada Groupe d'Etdude et de Protection des Oiseaux en Guyane - GEPOG
9 (RLIN) 43325
942 ## - ELEMENTOS ADICIONALES (KOHA)
Sistema de clasificación Local
Tipo de ítem Folleto
Existencias
Withdrawn status Lost status Sistema de Clasificación Damaged status No para préstamo Colección Inventariado Ubicación Permanente Ubicación actual Fecha de adquisición Total Checkouts Número topográfico Inventario / Código de Barras Date last seen Ejemplar Price effective from Forma de adquisición Tipo de material
    Local     General Inventariado 2017 Bogotá Bogotá 27/11/2015   FG-0015 039491 27/11/2015 Ej. 1 27/11/2015   Folleto
    Local     General Inventariado 2017 Bogotá Bogotá 27/11/2015   FG-0015 039492 27/11/2015 Ej. 2 27/11/2015   Folleto